| 000 | 00498nam a2200181Ia 4500 | ||
|---|---|---|---|
| 008 | 240925s9999 xx 000 0 und d | ||
| 020 | _a9788131717165 | ||
| 082 | _a006.6 AND | ||
| 100 | _aAndleigh, P .K | ||
| 245 | 0 | _aMultimedia Systems Design | |
| 250 | _aNA | ||
| 260 |
_aNew Delhi: _bPearson Education _c,2008. |
||
| 300 |
_axxix,651L.p. _bNA _fOriginal |
||
| 500 | _aIncludes Index | ||
| 600 | _aComputer Science | ||
| 650 | _aComputer science, information & general works | ||
| 942 | _cBK | ||
| 999 |
_c10167 _d10167 |
||